| 000 | 00644nam a22002177a 4500 | ||
|---|---|---|---|
| 003 | OSt | ||
| 005 | 20150114150058.0 | ||
| 008 | 150114b xxu||||| |||| 00| 0 eng d | ||
| 020 | _a0443056013 | ||
| 040 | _cDNLM | ||
| 082 | _aWB 141 HAN 1995 | ||
| 245 |
_aHand book of current Diagnosis & Treatment / _cEdited by Roy Pounder & Mark Hamilton |
||
| 260 |
_aHong Kong : _bChurchill Livingstone ; _c1995. |
||
| 300 |
_axxi,494 p : _bcol.ill ; _c26 cm. |
||
| 504 | _aIncludes index. | ||
| 650 |
_aDiagnosis _92389 |
||
| 650 |
_aTreatment _92423 |
||
| 700 |
_4Editor _aPounder Roy _92424 |
||
| 700 |
_4Editor _aHamilton Mark _92425 |
||
| 942 |
_2z _cSLOAN |
||
| 999 |
_c900 _d900 |
||